Managerial accounting : (Record no. 345135)
[ view plain ]
| 000 -LEADER | |
|---|---|
| fixed length control field | 00825 a2200241 4500 |
| 020 ## - INTERNATIONAL STANDARD BOOK NUMBER | |
| International Standard Book Number | 007114076X |
| 020 ## - INTERNATIONAL STANDARD BOOK NUMBER | |
| International Standard Book Number | 9780071140768 |
| 082 04 - DEWEY DECIMAL CLASSIFICATION NUMBER | |
| Classification number | 657 |
| 090 ## - LOCALLY ASSIGNED LC-TYPE CALL NUMBER (OCLC); LOCAL CALL NUMBER (RLIN) | |
| -- | 2642 |
| -- | 2642 |
| 100 1# - MAIN ENTRY--PERSONAL NAME | |
| Personal name | Brandon, Charles. |
| 245 10 - TITLE STATEMENT | |
| Title | Managerial accounting : |
| Remainder of title | strategy and control / |
| Statement of responsibility, etc. | Charles Brandon. |
| 250 ## - EDITION STATEMENT | |
| Edition statement | International Ed ed. |
| 260 ## - PUBLICATION, DISTRIBUTION, ETC. | |
| Place of publication, distribution, etc. | [S.l.] : |
| Name of publisher, distributor, etc. | McGraw-Hill Education (ISE Editions), |
| Date of publication, distribution, etc. | 1996. |
| 300 ## - PHYSICAL DESCRIPTION | |
| Extent | 832 p. |
| 490 1# - SERIES STATEMENT | |
| Series statement | Mcgraw-hill international editions. |
| 500 ## - GENERAL NOTE | |
| General note | Import. |
| 500 ## - GENERAL NOTE | |
| General note | Paperback. |
| 700 1# - ADDED ENTRY--PERSONAL NAME | |
| Personal name | Drtina, Ralph. |
| 830 #0 - SERIES ADDED ENTRY--UNIFORM TITLE | |
| Uniform title | Mcgraw-hill international editions. |
| 856 40 - ELECTRONIC LOCATION AND ACCESS | |
| Materials specified | Amazon.com |
| Uniform Resource Identifier | <a href="http://www.amazon.com/exec/obidos/ASIN/007114076X/chopaconline-20">http://www.amazon.com/exec/obidos/ASIN/007114076X/chopaconline-20</a> |
| 856 40 - ELECTRONIC LOCATION AND ACCESS | |
| Materials specified | Amazon customer reviews |
| Uniform Resource Identifier | <a href="http://www.chopac.org/cgi-bin/tools/azrev.pl?q=007114076X">http://www.chopac.org/cgi-bin/tools/azrev.pl?q=007114076X</a> |
| 942 ## - ADDED ENTRY ELEMENTS (KOHA) | |
| Institution code [OBSOLETE] | NBS |
| Koha item type | Book |
| Call number prefix | 658.1511 BRA |
| Withdrawn status | Lost status | Damaged status | Not for loan | Permanent Location | Current Location | Date acquired | Total Checkouts | Full call number | Barcode | Date last seen | Price effective from | Koha item type |
|---|---|---|---|---|---|---|---|---|---|---|---|---|
| Central Library (CL) | Central Library (CL) | 08/28/2013 | 658.1511 BRA | NBS299 | 08/28/2013 | 08/28/2013 | Book |
